| 000 | 00322nam a2200121Ia 4500 | ||
|---|---|---|---|
| 005 | 20260328101442.0 | ||
| 008 | 260328s9999||||xx |||||||||||||| ||und|| | ||
| 100 | _aGonzález González, Sergio | ||
| 245 | 0 |
_aLa Dimensión / _cSergio González González |
|
| 260 | _bEscala | ||
| 650 | _aARQUITECTURA - ELEMENTOS | ||
| 942 | _cBK | ||
| 999 |
_c8325 _d8325 |
||